| 000 | 00424cam a2200193ua 4500 | ||
|---|---|---|---|
| 001 | 8643 | ||
| 008 | 150210n ii |||gr||||Z||||||eng | ||
| 020 | _a8130405040 | ||
| 040 | _cMAIN | ||
| 041 | _aeng | ||
| 082 | _a824 | ||
| 100 |
_aMohan, I., _eAuthor. |
||
| 245 | 1 |
_aAdvanced essays _cBy Indira Mohan |
|
| 250 | _a1st. | ||
| 260 |
_aDelhi: _bTiny, _c2009. |
||
| 300 | _a160p. | ||
| 653 | _aEnglish essays | ||
| 942 | _cBK | ||
| 999 |
_c7741 _d7741 |
||